000 00963nam a22003017a 4500
003 CHAP
005 20220329133816.0
008 971013s1980 r 00010 d
010 _a11217
011 _a12189
035 _a14415
040 _cCHAP
082 _a636.0892
_bL3
100 0 0 _aLawrence, Tony Leonard John
_eed.
_965180
245 _aGrowth in animals
260 _aLondon :
_bButterworths,
_c1980
300 _a308 p.
490 _aStudies in the agricultural and food sciences
590 _aBATCH-UPD
_b10
_c20130110
_lUCH01
_h2133
590 _aBATCH-UPD
_b10
_c20130410
_lUCH01
_h1442
590 _aCONVERSION
_b10
_c20130109
_lUCH01
_h1307
650 1 4 _aAnimales domesticos
_xCrecimiento.
_95895
830 0 _aStudies in the agricultural and food sciences
_9110084
901 _aBK
942 _cLIBRO
949 _a636.08 L3
_bZ
_cLIBRO
_d-26560
_eLIBRO
_h166
_i14415
_si
949 _a636.0892 L3
_bBC
_cLIBRO
_d33724000276309
_eLIBRO
_h50410
_i14415
_si
999 _c11217
_d11217